000 00320nam a22001337a 4500
008 170606b xxu||||| |||| 00| 0 eng d
020 _a9780321048318
041 _aeng
080 _a327
100 _a18
101 _ashh
245 _aCONTENDING THEORIES OF INTERNATIONAL RELATIONS
_cDOUGHERTY, J.E
942 _2udc
_cBK
999 _c16143
_d16143